Statistiques concernant Culture Générale - Série 660

Cliquez ici pour prendre le quiz!

Statistiques générales

  • Ce quiz a été pris 126 fois
  • Le résultat moyen est 7 sur 10

Statistiques - réponses

QuestionRéponse% Correct
Aux États-Unis, combien de présidents américains ont leur portrait taillé dans la roche du Mont Rushmore ?4
96%
Quel prénom féminin désigne l'entremets composé d'une crème aromatisée ou de fruits, et entouré de biscuits moulés en cercle ?Charlotte
85%
De quel pays Lech Walesa fut-il président de la République, de 1990 à 1995 ?Pologne
84%
Quel fils du prince Charles était le témoin officiel du mariage civil de son père et de Camilla Parker-Bowles ?William
82%
Quel compositeur allemand a écrit l'opéra "La Walkyrie" ?Richard Wagner
81%
En 1943, quel homme politique préside le premier Conseil national de la Résistance ?Jean Moulin
73%
Complétez la phrase qui figure sur le tableau de René Magritte "La Trahison des images" : "Ceci n'est pas une...pipe
68%
Dans quel État des États-Unis se trouve le parc national Yosemite ?Californie
66%
Quel roi, créé par Shakespeare, est le père de trois filles prénommées : Goneril, Régane et Cordelia ?Lear
60%
Complétez ce titre d'une pièce d'Arthur Miller : "Mort d'un commis...voyageur
51%

Distribution des résultats

Percentile par nombre de réponses

% des personnes avec chaque résultat

Votre développement - résultats

Vous n’avez pas pris ce quiz